LEADER 01235nam a2200313 a 4500 001 000000129522 003 CaOOAMICUS 005 20120705101258.0 008 120705s2012 it u000 u ita u 020 $a978-88-244-3332-7 040 $aPUL$bita 082 04$a340 100 1 $aDelpino, Luigi.$0(OLS)http://pul/name/82899 245 10$aCompendio di diritto amministrativo /$cL. Delpino, F. Del Giudice. 250 $a24. ed. 260 $aNapoli :$bEdizioni Giuridiche Simone,$c2012. 300 $a480 p. ;$c21 cm. 500 $aSulla cop.: 4/1. 500 $aInclude indice. 650 4$aDiritto amministrativo$zItalia.$0(OLS)http://pul/subject/8339 700 1 $aDel Giudice, Federico.$0(OLS)http://pul/name/40811 850 $aPUL 852 $aPUL$W1$xDP2 Diritto e Scienze Sociali 3$y110$m340 COLL 3.4.1$j150014$qDDC 21$B148535$CPULBib$Z2$F148535 $H120254 $82 941 1 $a9 996 $6020$a978-88-244-3332-7$9(OLS)http://pul/number/150167 996 $6082$a340$9(OLS)http://pul/classification/419 996 $6245$aCompendio di diritto amministrativo$9(OLS)http://pul/title/97433 996 $6260$aNapoli :$bEdizioni Giuridiche Simone$9(OLS)http://pul/publisher/69730 LEADER 01593nam a2200337 a 4500 001 000000121536 003 CaOOAMICUS 005 20100505110644.0 008 100505s2010 it 001 0 ita r 040 $aPUL$bita$dReb 082 04$a282 100 1 $aDziwisz, Stanis?aw,$ccard.,$d1939-$0(OLS)http://pul/name/52900 245 14$aUna vita con Karol :$bconversazione con Gian Franco Svidercoschi /$cStanislao Dziwisz. 260 $aMilano :$bRizzoli ;$aMilano :$bR.C.S. Quotidiani,$c2010. 300 $a224 p. ;$c19 cm 490 1 $aI libri del Corriere della Sera 500 $aEdizione speciale per Corriere della Sera. 600 04$aIohannes Paulus PP.$bII,$cs.,$d1920-2005.$0(OLS)http://pul/subject/1393 700 1 $aSvidercoschi, Gian Franco.$0(OLS)http://pul/name/33756 830 2$aI libri del Corriere della Sera.$0(OLS)http://pul/title/152912 850 $aPUL 852 $aPUL$W1$xSL Religione 3$y85$m282 COLL 1.2$j139492$qDDC 21$B138697$CPULBib$Z2$F138697 $H113546 $82 941 1 $a9 960 $aPapi (1978-2005 : Iohannes Paulus PP. II)$91393 960 $aPapi (1978-2005 : Iohannes Paulus PP. II)$91393 960 $aWojtyla, Karol,$d1920-2005$91393 960 $aGiovanni Paolo$bII,$cpapa, b.,$d1920-2005$91393 996 $6082$a282$9(OLS)http://pul/classification/103 996 $6245$aUna vita con Karol :$bconversazione con Gian Franco Svidercoschi$9(OLS)http://pul/title/152916 996 $6260$aMilano :$bRizzoli$9(OLS)http://pul/publisher/48712 996 $6260$aMilano :$bR.C.S. Quotidiani$9(OLS)http://pul/publisher/79195